Alle Parteien Luxemburgs - Statistiken

Allgemein
  • Dieses Quiz wurde 6 mal gespielt
  • Das Durchschnittsergebnis liegt bei 7 aus 8
Antwortstatistiken
Partei % Korrekt
Alternativ Demokratesch Reformpartei
100%
Chrëschtlech Sozial Vollekspartei
100%
Déi Gréng
100%
Déi Lénk
100%
Demokratesch Partei
83%
Lëtzebuerger Sozialistesch Arbechterpartei
83%
Piratepartei Lëtzebuerg
67%
Fokus
33%
Keine übereinstimmenden Quizze gefunden
Verteilung der Resultate
Anzahl Personen mit jedem Resultat
Perzentil nach korrekt beantworteten Fragen
Ihre Resultats-Entwicklung
Sie haben dieses Quiz noch nicht gespielt